MARC

LEADER 00000nam0a2200000 4500
001 126807
005 20231101220021.0
035 |a (RuTPU)RU\TPU\book\137172 
090 |a 126807 
100 |a 20071204d1980 km y0rusy50 ca 
101 0 |a rus 
102 |a RU 
105 |a y z 001zy 
200 1 |a Себестоимость добычи угля  |f В. Е. Тарасенко, Ф. И. Трегуб, Д. Я. Толкацер [и др.] 
210 |a Москва  |c Недра  |d 1980 
215 |a 238 с. 
320 |a Библиогр.: с. 235-236 
606 1 |a Угледобыча  |x Себестоимость  |x Расчет  |x Учет  |2 stltpush  |3 (RuTPU)RU\TPU\subj\62329  |9 79409 
610 1 |a производственные объединения 
610 1 |a уголь 
610 1 |a добыча 
610 1 |a расчет 
610 1 |a подземный способ 
610 1 |a шахты 
610 1 |a разрезы 
610 1 |a планирование 
610 1 |a калькулирование 
610 1 |a расчет на ЭВМ 
675 |a 622.333.003.1  |v 4 
701 1 |a Тарасенко  |b В. Е.  |g Вадим Евгеньевич 
701 1 |a Трегуб  |b Ф. И.  |g Фрида Израилевна 
701 1 |a Толкацер  |b Д. Я.  |g Дмитрий Яковлевич 
701 1 |a Лир  |b Ю. С.  |g Юрий Северинович 
701 1 |a Радионовский  |b В. Л.  |g Виктор Львович 
801 1 |a RU  |b 63413507  |c 20071204  |g PSBO 
801 2 |a RU  |b 63413507  |c 20210409  |g PSBO 
942 |c BK